History by Images - 'Y' - Statistics

General Stats
  • This quiz has been taken 51 times
  • The average score is 8 of 16
Answer Stats
Picture Hint Answer % Correct
Former country Yugoslavia
98%
Cradle of Chinese civilization Yellow River
83%
___ vs Lancasters Yorks
79%
Soviet cosmonaut Yuri Gagarin
79%
1945 conference Yalta
72%
Originated in 9th-century Central Europe Yiddish
55%
Dynasty established by him Yuan
55%
1973 October War Yom Kippur
49%
Established in 1890 Yosemite National Park
45%
Roman 'Arabia Felix' Yemen
36%
Former Prime Minister of Israel Yitzhak Rabin
36%
1854 Commodore Perry's arrival in Yokohama
26%
Independent from Spain in 1821 Yucatan
23%
Emperor Chengzu of Ming Yongle Emperor
13%
Last Sasanian King Yazdegerd III
2%
Ancient caves in Karnataka Yana
0%
No matching quizzes found
Score Distribution
Percent of People with Each Score
Percentile by Number Answered
Your Score History
You have not taken this quiz